000 00472cam a2200181ua 4500
001 2903
008 110915n ii |||gr||||Z||||||asm
040 _cMAIN
082 _a920
100 1 _aNath, Rati Mohan,
_eAuthor.
245 1 1 _aKalaratna Dr. Bhupen Hazarika
_cby Rati Mohan Nath
250 _a1st.
260 _aNagaon:
_bBhuyan brothers,986.
300 _a296p:
_c23cm.
653 _aBiography
653 _aBiograpghy of Kalaratna Dr. Bhupen Hazarika
942 _cBK
999 _c2751
_d2751